00487 2200181 4500001002100000005001500021035002000036007000300056008004100059082000800100084001400108100001800122245007700140250001100217260004400228300002400272990000900296INLIS00000000000461420191216104413 a0010-1219000066ta191216 g 0 ind  a544 a544 HAD p0 aHadiomoelyono1 aPetunjuk Praktek Kimia Analisa 1 :buntuk bagian kimia /cHadiomoelyono aCet. 1 aJAKARTA :bDepartemen Pendidikan,c1979 a85 hlm ;c21 x 28cm a4046